TV Shows in the Hospital Quiz Stats

Quiz Updated Aug 21, 2017

Also try: TV Shows on Planes
Challenge
Share
Tweet
Score 0/20 Timer 06:00
3 Plays Today
% Correct
The Simpsons
98.5%
The Flintstones
97.2%
Family Guy
96.2%
The Muppet Show
94.2%
The Big Bang Theory
93.3%
How I Met Your Mother
86%
M*A*S*H
83.7%
Seinfeld
83.1%
King Of The Hill
82.2%
Saved By The Bell
79.7%
% Correct
Desperate Housewives
78.2%
Bewitched
67.3%
Reba
66%
The Dick Van Dyke Show
64.4%
All In The Family
61.2%
The Mary Tyler Moore Show
59.8%
Laverne & Shirley
57.4%
Sanford And Son
57.3%
The Odd Couple
46.7%
The Waltons
39.3%

You're not logged in!

Compare scores with friends on all Sporcle quizzes.
Sign Up with Email
OR
Log In

You Might Also Like...

Show Comments

Extras

Top Quizzes Today


Score Distribution

Your Account Isn't Verified!

In order to create a playlist on Sporcle, you need to verify the email address you used during registration. Go to your Sporcle Settings to finish the process.